Historiaa kirjaimittain - R - Statistics

Yleistilastot
  • Tätä visaa on pelattu 1 228 kertaa
  • Keskiarvotulos 10 / 20
Vastaustilastot
Vihje Vastaus % Oikein
Musta surma oli tällainen tauti Rutto
91%
Kutsutaan "ikuiseksi kaupungiksi" pitkän historiansa takia Rooma
85%
1300-luvun Italiassa alkanut kulttuurin "uudelleensyntymä" Renessanssi
80%
Maamme-laulun sanoittaja Johan Ludvig Runeberg
76%
Kristittyjen keskiaikaiset yritykset vallata Jerusalem Ristiretket
74%
Hutut tappoivat satojatuhansia tutseja täällä vuonna 1994 Ruanda
73%
Kahden Yhdysvaltain presidentin sukunimi Roosevelt
71%
Kylmän sodan aikainen Euroopan länteen ja itään jakanut viiva Rautaesirippu
68%
Vuoden 1789 suuri vallankumous Ranskan vallankumous
64%
"Suuri" pitkään hallinnut Egyptin faarao Ramses II
50%
Alankomaiden suurvaltakauden aikainen merkittävä taidemaalari Rembrandt
49%
Zimbabwen entinen nimi Rhodesia
49%
Babylonissa väitetysti sijainnut antiikin ajan ihme {Riippuvat} {puutarhat}
49%
Keskiaikainen ratsuväkisotilas Ritari
47%
Vuonna 1799 löytynyt kivipaasi, jonka avulla hieroglyfien merkitys selvisi Rosettan kivi
30%
Yhdysvaltalainen öljyparoni, joka oli ensimmäinen miljardööri dollareissa mitattuna John D. Rockefeller
29%
Ludvig XIII:n tärkein avustaja Kardinaali {Richelieu}
21%
Edward Jenneriä pidetään tämän asian keksijänä Rokote
18%
Caesar lausui "arpa on heitetty" ylittäessään tämän joen Rubikon
15%
Hän palautti Skotlannin itsenäisyyden vuonna 1328 Robert Bruce
10%
Ehtoja vastaavia visoja ei löytynyt
Tulosjakauma
Jokaisen tuloksen saaneiden osuus
Persentiili vastausten määrän mukaan
Tuloshistoriasi
Et ole pelannut tätä visaa